LEADER 00539nam 2200169z- 450 001 9910693983503321 035 $a(CKB)4970000000030684 035 $a(EXLCZ)994970000000030684 100 $a20240129c2002uuuu -u- - 101 0 $aeng 200 00$aFinancial management : extending the financial statements audit requirement of the CFO act to additional federal agencies 210 $aWashington, D.C 517 $aFinancial Management 906 $aDOCUMENT 912 $a9910693983503321 996 $aFinancial Management$9424135 997 $aUNINA